[Event "Tournament (open) \"]
[Site "masterchessopen.com Zhukovsky (Russia)"]
[Round "8"]
[White "Mozgalov Viktor (RUS)"]
[Black "Kuznetsov Yuri (RUS)"]
[Result "1-0"]
[WhiteElo "1902"]
[BlackElo "2022"]

1.d4 Nf6 2.c4 g6 3.Nc3 d5 4.cxd5 Nxd5 5.e4 Nxc3 6.bxc3 Bg7 7.Bc4 c5 8.Ne2 Nc6
9.Be3 O-O 10.O-O Qc7 11.Rc1 Rd8 12.Qd2 Qa5 13.Qb2 a6 14.dxc5 Ne5 15.Qb4 Nxc4
16.Qxc4 Be6 17.Qb4 Qxa2 18.Nd4 Qc4 19.Nxe6 Qxe6 20.Rb1 Rab8 21.Rfd1 Rxd1+
22.Rxd1 Qc6 23.f3 h5 24.c4 Be5 25.Rd5 f6 26.Qd2 Bc7 27.f4 Kf8 28.f5 g5 29.e5
Bxe5 30.Bxg5 fxg5 31.Rxe5 Qf6 32.Qd5 a5 33.h4 g4 34.Re6 Qa1+ 35.Kh2 g3+ 36.Kh3
Qg1 37.Kxg3 b6 38.f6 Qxc5 39.fxe7+ Ke8 40.Qe4 a4 41.Qg6+ Kd7 42.e8=Q+ Rxe8
43.Qxe8+ Kc7 44.Qf7+ {#r} 1-0

[Event "It (open)"]
[Site "masterchessopen.com Feffernitz (Austria)"]
[Date "2008.08.20"]
[Round "5"]
[White "Saringer Hubert (AUT)"]
[Black "Hofer Christian (AUT)"]
[Result "0-1"]
[WhiteElo "1832"]
[BlackElo "1679"]

1.d4 Nf6 2.c4 g6 3.Nc3 d5 4.cxd5 Nxd5 5.e4 Nxc3 6.bxc3 Bg7 7.Bc4 c5 8.Ne2 Nc6
9.Be3 O-O 10.O-O Qc7 11.Rc1 Rd8 12.Qc2 Na5 13.Bd3 c4 14.Bf4 e5 15.Be3 cxd3
16.Qxd3 Nc4 17.Bg5 Re8 18.d5 Nd6 19.c4 b6 20.Rc2 Ba6 21.Rfc1 Rac8 22.Qa3 Bxc4
23.Rxc4 Nxc4 24.d6 Nxa3 25.Rxc7 Rxc7 26.dxc7 f6 27.Bc1 Nb5 {#R} 0-1

[Event "It (open)"]
[Site "masterchessopen.com Tulsa (USA)"]
[Date "2008.09.01"]
[Round "7"]
[White "Johnson Chuck (USA)"]
[Black "Kline Les (USA)"]
[Result "1-0"]
[WhiteElo "1653"]
[BlackElo "1942"]

1.d4 Nf6 2.c4 g6 3.Nc3 d5 4.cxd5 Nxd5 5.e4 Nxc3 6.bxc3 Bg7 7.Bc4 c5 8.Ne2 Nc6
9.Be3 O-O 10.O-O Qc7 11.Rc1 Na5 12.Bd3 f5 13.exf5 Bxf5 14.Ng3 Bxd3 15.Qxd3 Qd7
16.d5 c4 17.Qe4 b6 18.Bd4 Bxd4 19.Qxd4 Rac8 20.f4 Nb7 21.f5 Nd6 22.fxg6 Rxf1+
23.Rxf1 hxg6 24.Qf4 e5 25.Qf6 Kh7 26.Qxe5 Re8 27.Qf4 Qe7 28.Qf6 Qe3+ 29.Kh1
Qc5 30.Qg5 b5 31.h4 Rg8 32.h5 Qc7 33.Rf6 Rg7 34.Rxg6 Qf7 35.Qh6+ Kg8 36.Rxg7+
Qxg7 37.Qxd6 Qxc3 38.Qe6+ Kf8 39.Kh2 Qd2 40.Qf6+ Ke8 41.d6 Kd7 42.h6 c3 43.h7
c2 44.h8=Q c1=Q 45.Qh7+ Kc6 46.d7+ Kc5 47.Ne4+ {#r} 1-0

[Event "Ch Slovenia (team) (2 league) West"]
[Site "masterchessopen.com Kranj (Slovenia)"]
[Date "2008.10.12"]
[Round "4"]
[White "Ule Evald (SLO)"]
[Black "Brecevic Vladko (SLO)"]
[Result "1-0"]
[WhiteElo "2230"]
[BlackElo "2099"]

1.d4 Nf6 2.c4 g6 3.Nc3 d5 4.cxd5 Nxd5 5.e4 Nxc3 6.bxc3 Bg7 7.Bc4 c5 8.Ne2 Nc6
9.Be3 O-O 10.O-O Qc7 11.Rc1 Rd8 12.Qa4 Na5 13.Bf4 e5 14.Bg5 Rf8 15.Bd5 Be6
16.Bxe6 fxe6 17.d5 exd5 18.exd5 b6 19.Rcd1 Nb7 20.Ng3 Nd6 21.Ne4 h6 22.Nxd6
Qxd6 23.Be3 Rf7 24.Qe4 c4 25.Qxc4 Rc7 26.Qd3 Rac8 27.Rc1 Rc4 28.f3 b5 29.Rfd1
a5 30.Bd2 R8c5 31.Be1 Rc8 32.Rb1 b4 33.cxb4 axb4 34.Qb3 Bf8 35.Qa4 R8c5
36.Rxb4 Rxd5 37.Rxd5 Rxb4 38.Qxb4 Qxd5 39.Qb3 Qxb3 40.axb3 Kf7 41.Kf2 Ke6
42.Ke3 Kd5 43.Kd3 Bc5 44.Bd2 h5 45.b4 Bd6 46.h3 Be7 47.b5 Kc5 48.Ke4 Kxb5
49.Kxe5 Kc4 50.Ke6 Bd8 51.Kf7 Kd3 52.Bc1 g5 53.Kg6 g4 54.Kxh5 gxf3 55.gxf3 Be7
56.Bg5 {#r} 1-0

[Event "It (open) \"]
[Site "masterchessopen.com Schwabisch Gmund (Germany)"]
[Date "2009.01.05"]
[Round "8"]
[White "Huynh Nhi Lang (GER)"]
[Black "Schnabel Andreas (GER)"]
[Result "0-1"]
[WhiteElo "1835"]
[BlackElo "2148"]

1.d4 Nf6 2.c4 g6 3.Nc3 d5 4.cxd5 Nxd5 5.e4 Nxc3 6.bxc3 Bg7 7.Bc4 c5 8.Be3 Nc6
9.Ne2 O-O 10.O-O Qc7 11.Bd5 Na5 12.a4 e6 13.Bb3 Rd8 14.f4 b6 15.Qb1 Ba6 16.Re1
Bxe2 17.Rxe2 cxd4 18.cxd4 Qc3 19.Ra3 Bxd4 20.Bxd4 Qxd4+ 21.Kf1 Qb4 22.Qa2 Rd3
23.Bxe6 Rxa3 24.Bxf7+ Kf8 25.Qe6 Ra1+ 26.Kf2 Qd4+ 27.Kf3 Ra3+ 28.Kg4 Qd8
29.Bxg6 hxg6 30.Qxg6 Qd7+ 31.Kh4 Qe7+ 32.Kg4 Qg7 {#R} 0-1

[Event "Tournament (Elo) (b)"]
[Site "masterchessopen.com Nevinomyssk (Russia)"]
[Date "2009.02.26"]
[Round "7"]
[White "Vasiliev Sangadzhi-Gorja (RUS)"]
[Black "Khudinov Mergen (RUS)"]
[Result "1-0"]
[WhiteElo "2150"]
[BlackElo "1975"]

1.d4 Nf6 2.c4 g6 3.Nc3 d5 4.cxd5 Nxd5 5.e4 Nxc3 6.bxc3 Bg7 7.Bc4 c5 8.Ne2 Nc6
9.Be3 O-O 10.O-O Qc7 11.Rc1 Rd8 12.Qd2 Qa5 13.Rfd1 Bd7 14.Bh6 cxd4 15.Bxg7
Kxg7 16.Qf4 dxc3 17.Qxf7+ Kh8 18.Rd5 Qb4 19.Nf4 Qxc4 20.Nxg6+ hxg6 21.Qxg6
Qxd5 22.exd5 Nd4 23.Qh5+ Kg7 24.Qe5+ Kf7 25.Qxd4 {#r} 1-0

[Event "Ch Region (seniors)"]
[Site "masterchessopen.com Lipetsk (Russia)"]
[Date "2009.03.17"]
[Round "5"]
[White "Dulin Anatoliy (RUS)"]
[Black "Kasantsev Anatolij B (RUS)"]
[Result "0-1"]
[WhiteElo "1983"]
[BlackElo "2079"]

1.d4 Nf6 2.c4 g6 3.Nc3 d5 4.cxd5 Nxd5 5.e4 Nxc3 6.bxc3 Bg7 7.Bc4 c5 8.Ne2 Nc6
9.Be3 O-O 10.O-O Qc7 11.Rc1 Rd8 12.h3 b6 13.f4 e6 14.Qe1 Na5 15.Bd3 Bb7 16.Qf2
f5 17.Ng3 Qd7 18.e5 Rac8 19.Rfd1 cxd4 20.cxd4 Bf8 21.Qb2 Qd5 22.Bf1 Be7
23.Rxc8 Rxc8 24.Rc1 Nc4 25.Bxc4 Rxc4 26.Rxc4 Qxc4 27.Ne2 Qd3 28.Qd2 Qb1+
29.Nc1 Bb4 30.Qd3 Qb2 31.Qb5 Qxg2# 0-1

[Event "Memorial K.Sukharev (open)"]
[Site "masterchessopen.com Novosibirsk (Russia)"]
[Date "2009.07.26"]
[Round "9"]
[White "Polyakevich Stanislav (RUS)"]
[Black "Reshetnikov Vasily (RUS)"]
[Result "1-0"]
[WhiteElo "2311"]
[BlackElo "2127"]

1.d4 Nf6 2.c4 g6 3.Nc3 d5 4.cxd5 Nxd5 5.e4 Nxc3 6.bxc3 Bg7 7.Bc4 c5 8.Be3 O-O
9.Ne2 Nc6 10.O-O Qc7 11.Rc1 Rd8 12.Bf4 Qd7 13.dxc5 Qe8 14.Qc2 Bd7 15.Rfd1 Na5
16.Bb3 Rdc8 17.Be3 Nxb3 18.axb3 a5 19.c4 a4 20.Nc3 axb3 21.Qxb3 Bxc3 22.Qxc3
Bc6 23.f3 Ra2 24.Qe5 Rd8 25.Bh6 Rxd1+ 26.Rxd1 f6 27.Qe6+ Kh8 28.e5 Re2 29.Bf4
Kg7 30.Kf1 Ra2 31.Re1 Ra8 32.exf6+ exf6 33.Qd6 Qf8 34.Re7+ Kg8 35.Qe6+ Kh8
36.Rf7 Ra1+ 37.Ke2 Ra2+ 38.Kd3 Qd8+ 39.Bd6 Ra8 40.Rxf6 Qd7 41.Qxd7 Bxd7 42.Rf7
Bc6 43.Be5+ Kg8 44.Rg7+ Kf8 45.Rxh7 Ra2 46.g4 Bxf3 47.Ke3 Bc6 48.h4 Rc2 49.Kf4
Re2 50.Bd6+ Kg8 51.Rc7 Rg2 52.Be5 Rf2+ 53.Kg5 Be4 54.Rg7+ Kf8 55.Rxg6 Bxg6
56.Kxg6 Rc2 57.h5 Rxc4 58.g5 Rh4 59.h6 Kg8 60.Kf5 Kh7 61.Bf4 Rh5 62.Be3 Kg8
63.Ke4 Rh2 64.g6 Kf8 65.h7 Kg7 66.Bd4+ Kxg6 67.h8=Q {#r} 1-0

[Event "It (open)"]
[Site "masterchessopen.com Feffernitz (Austria)"]
[Date "2009.08.19"]
[Round "5"]
[White "Jeraj Zlatko (SLO)"]
[Black "Juhasz Kristof (HUN)"]
[Result "0-1"]
[WhiteElo "2123"]
[BlackElo "2268"]

1.d4 Nf6 2.c4 g6 3.Nc3 d5 4.cxd5 Nxd5 5.e4 Nxc3 6.bxc3 Bg7 7.Bc4 c5 8.Ne2 Nc6
9.Be3 O-O 10.O-O Qc7 11.Rc1 e6 12.Qd2 Rd8 13.Rfd1 Na5 14.Bd3 b6 15.Bh6 Bb7
16.Bxg7 Kxg7 17.h4 Rac8 18.h5 Qe7 19.Qf4 cxd4 20.h6+ Kg8 21.cxd4 e5 22.dxe5
Rxc1 23.Nxc1 Nc6 24.Be2 Rxd1+ 25.Bxd1 Qxe5 26.Qxe5 Nxe5 27.f4 Nc4 28.e5 Ne3
29.Bf3 Bxf3 30.gxf3 Nf5 31.Nd3 Nxh6 32.Nb4 Nf5 33.Nc6 a5 34.a4 Kf8 35.Na7 Ne3
36.Nc8 Nd5 37.f5 gxf5 38.Kh2 Ke8 39.Kg3 Kd7 40.Nd6 f4+ 41.Kh4 f6 42.Nc4 fxe5
43.Nxe5+ Kd6 44.Nd3 Nc3 45.Nb2 Kc5 46.Kg5 Ne2 47.Nd3+ Kc4 48.Nxf4 Nxf4 49.Kxf4
b5 50.axb5 Kxb5 51.Kg5 a4 52.f4 a3 53.f5 a2 54.Kh6 a1=Q {#R} 0-1

[Event "Tournament \"]
[Site "masterchessopen.com Los Angeles (USA)"]
[Date "2009.11.08"]
[Round "3"]
[White "Kretchetov Alexandre (RUS)"]
[Black "Khachiyan Melikset (USA)"]
[Result "0-1"]
[WhiteElo "2365"]
[BlackElo "2516"]

1.d4 Nf6 2.c4 g6 3.Nc3 d5 4.cxd5 Nxd5 5.e4 Nxc3 6.bxc3 Bg7 7.Bc4 c5 8.Ne2 Nc6
9.Be3 O-O 10.O-O Qc7 11.dxc5 Ne5 12.Bb3 Ng4 13.Bf4 Qxc5 14.Qc2 Be5 15.Rad1
Bxf4 16.Nxf4 Qe5 17.g3 Nf6 18.Rfe1 Bg4 19.Rc1 Bf3 20.Re3 Bxe4 21.Qe2 Qf5 22.f3
Bc6 23.Rxe7 Rae8 24.Kg2 Rxe7 25.Qxe7 g5 26.Bc2 Qg4 27.Bd1 gxf4 28.Qxf6 fxg3
29.hxg3 Qh5 30.Be2 Re8 31.Bc4 Qg6 32.Qd4 Qf5 33.Rf1 Qe5 34.Qxa7 Qxc3 35.Bb3
Re2+ 36.Kg1 Qe5 {#R} 0-1

[Event "Memorial Rene Basarrate"]
[Site "masterchessopen.com Habana (Cuba)"]
[Date "2009.11.09"]
[Round "2"]
[White "Alarcon Rolando (CUB)"]
[Black "Perez Osniel (CUB)"]
[Result "0-1"]
[WhiteElo "2375"]
[BlackElo "2299"]

1.d4 Nf6 2.c4 g6 3.Nc3 d5 4.cxd5 Nxd5 5.e4 Nxc3 6.bxc3 Bg7 7.Bc4 c5 8.Ne2 Nc6
9.Be3 O-O 10.O-O Qc7 11.Rc1 Rd8 12.Qd2 b6 13.Bf4 Qd7 14.d5 Na5 15.Bd3 c4
16.Bc2 e6 17.Rcd1 Nb7 18.dxe6 Qxe6 19.Qe3 Bd7 20.Nd4 Qe7 21.e5 Nc5 22.Qg3 h6
23.h4 Re8 24.Rfe1 b5 25.e6 Nxe6 26.Bxh6 Bxh6 27.Nf5 Qf8 28.Rxd7 Bf4 29.Qg4
Rad8 30.Rxd8 Rxd8 31.Rxe6 fxe6 32.Qxg6+ Kh8 33.Nd4 Qh6 34.g3 Qxg6 35.Bxg6 Be5
36.Nxb5 Rd2 37.Nxa7 Bxc3 38.Nb5 Ba5 39.Na3 c3 40.Nc2 Bb6 41.Ne3 Bxe3 42.fxe3
c2 {#R} 0-1

[Event "Czech League 2009/10 (krajsky prebor)"]
[Site "masterchessopen.com Czech Republic"]
[Date "2010.02.20"]
[Round "6"]
[White "Novak Ludek (CZE)"]
[Black "Stursa Jan (CZE)"]
[Result "0-1"]
[WhiteElo "2027"]
[BlackElo "2127"]

1.d4 Nf6 2.c4 g6 3.Nc3 d5 4.cxd5 Nxd5 5.e4 Nxc3 6.bxc3 Bg7 7.Bc4 c5 8.Ne2 Nc6
9.Be3 O-O 10.O-O Qc7 11.Rc1 Rd8 12.Qd2 b6 13.f4 e6 14.f5 exf5 15.exf5 Bxf5
16.Rxf5 gxf5 17.Ng3 cxd4 18.cxd4 f4 19.Bxf4 Rxd4 20.Bxc7 Rxd2 21.Nf5 Bf8
22.Rf1 Bc5+ 23.Kh1 Rf2 24.Rxf2 Bxf2 25.g4 Bc5 26.Nh6+ Kg7 27.Nxf7 Re8 28.Ng5
Re1+ 29.Kg2 Ne5 30.Nf3 Nxf3 31.Kxf3 Bd4 32.Bg3 Rc1 33.Bd3 h6 34.Ke4 Bf6 35.Kd5
Rc5+ 36.Kd6 Kf7 37.Bf5 Be7+ 38.Kd7 Rd5+ 39.Kc7 h5 40.Kb7 Ra5 41.Bd3 hxg4
42.Ba6 Bc5 43.Kxa7 Rxa2 44.Kb7 Kf6 45.Bc4 Rc2 46.Bb5 Bg1 47.Bd7 Kg5 48.Bc7 Kh4
49.Bb5 Rb2 50.Kc6 Rb1 51.Bc4 Kh3 52.Ba6 Bxh2 53.Bxb6 g3 54.Bd4 g2 55.Bc8+ Kh4
56.Bf2+ Bg3 57.Be3 Rb2 58.Bf5 Bf2 {#R} 0-1

[Event "It (open)"]
[Site "masterchessopen.com Botucatu  (Brazil)"]
[Date "2010.05.02"]
[Round "6"]
[White "Rodrigues Tiago Pereira (BRA)"]
[Black "El Debs Felipe De Cresce (BRA)"]
[Result "0-1"]
[WhiteElo "2145"]
[BlackElo "2499"]

1.d4 Nf6 2.c4 g6 3.Nc3 d5 4.cxd5 Nxd5 5.e4 Nxc3 6.bxc3 Bg7 7.Bc4 c5 8.Ne2 Nc6
9.Be3 O-O 10.O-O Qc7 11.Rb1 Rd8 12.Qc1 Na5 13.Bd5 e6 14.Bb3 b6 15.Rd1 Ba6
16.Ng3 cxd4 17.cxd4 Rac8 18.e5 Qb7 19.Qb2 Nc4 20.Qa1 Nxe3 21.fxe3 Bh6 22.Kf2
Qe7 23.Re1 Bb7 24.Qb2 Rc7 25.Rbd1 Rdc8 26.Rc1 Rxc1 27.Rxc1 Bxe3+ {#R} 0-1

[Event "It (w)"]
[Site "masterchessopen.com Liptovsky Mikulas (Slovakia)"]
[Date "2010.06.21"]
[Round "6"]
[White "Edes Zsofia (SVK)"]
[Black "Toma Katarzyna (POL)"]
[Result "1-0"]
[WhiteElo "2065"]
[BlackElo "2245"]

1.d4 Nf6 2.c4 g6 3.Nc3 d5 4.cxd5 Nxd5 5.e4 Nxc3 6.bxc3 Bg7 7.Bc4 c5 8.Ne2 Nc6
9.Be3 O-O 10.O-O Qc7 11.Rc1 Rd8 12.Bf4 Qd7 13.dxc5 Na5 14.Bb5 Qxd1 15.Rfxd1
Be6 16.Rxd8+ Rxd8 17.Bc7 Rd2 18.Bxa5 a6 19.Bxa6 bxa6 20.Nd4 Bxd4 21.cxd4 Rxd4
22.c6 Rc4 23.Rxc4 Bxc4 24.a3 Kf8 25.f4 Ke8 26.Kf2 Bb5 27.c7 Kd7 28.Ke3 Bc6
29.Kd4 Kc8 30.g4 h5 31.g5 e6 32.e5 Bb5 33.Kc5 Kd7 34.Kb6 Kc8 35.h4 Bd3 36.Kc6
Be4+ 37.Kd6 Bd3 38.Ke7 Bf5 39.Kxf7 Kd7 40.Kf6 Kc8 41.Ke7 Bg4 42.Kd6 Bf5 43.Kc6
Bd3 44.Kb6 Bc4 45.f5 exf5 46.Kc5 Bb5 47.Kd6 f4 48.Be1 f3 49.Bg3 Bc4 50.e6 Bb3
51.e7 Bf7 52.Ke5 f2 53.Bxf2 Kxc7 54.Kf6 Be8 55.Kg7 {#r} 1-0

[Event "It (cat.20)"]
[Site "masterchessopen.com Dortmund (Germany)"]
[Date "2010.07.18"]
[Round "4"]
[White "Le Quang Liem (VIE)"]
[Black "Ponomariov Ruslan (UKR)"]
[Result "1-0"]
[WhiteElo "2694"]
[BlackElo "2749"]

1.d4 Nf6 2.c4 g6 3.Nc3 d5 4.cxd5 Nxd5 5.e4 Nxc3 6.bxc3 Bg7 7.Bc4 c5 8.Ne2 Nc6
9.Be3 O-O 10.O-O Qc7 11.Rb1 b6 12.Bf4 { N } ( 12.dxc5 Ne5 13.Bd5 Rb8 14.cxb6
axb6 15.Qa4 e6 16.Bb3 Bb7 17.f3 Rfc8 18.Rfd1 Bc6 19.Qa6 Be8 20.Bd4 b5 21.Qa3
Bf8 22.Qc1 Nc6 23.Qg5 e5 24.Be3 Na5 25.Bd5 Nc4 26.Bf2 Be7 27.Qh6 Nb6 28.Bb3
Nc4 29.Kh1 Bd7 30.Nc1 Qd8 31.h4 Bf8 32.Qg5 Be7 33.Qh6 Bf8 34.Qg5 Be7 35.Qg3
Qc7 36.Nd3 Be6 37.Nb4 Bxb4 38.cxb4 f6 39.Bc5 Rd8 40.Qf2 Kg7 41.Qe2 Qf7 42.Rxd8
Rxd8 43.Rd1 Ra8 44.Rc1 Na3 45.Qb2 Nc4 46.Qc3 Ra3 47.Rd1 Ra8 48.Rf1 h6 49.f4
Rd8 50.a4 bxa4 51.Bxa4 Ra8 52.Bb3 exf4 53.Bxc4 Bxc4 54.Rxf4 Ra6 55.e5 Bd5
56.Rxf6 Rxf6 57.exf6+ Kg8 58.Qe5 Qd7 59.Kg1 Bc6 60.Qe7 Qxe7 61.Bxe7 Kf7 62.Kf2
Ke6 63.g3 g5 64.hxg5 hxg5 65.Ke3 Bb5 66.Kd4 Be2 67.Kc5 g4 68.b5 Kd7 69.b6 Bf3
70.Bd6 Ke6 71.Bf4 Be4 72.f7 Kxf7 73.Kd6 { 1-0, Rao Vivek 2435 - Kamsky Gata
2595 , Chicago 1991 It (open) } ) ( 12.f3 Rd8 13.Bf4 Qb7 14.d5 Na5 15.Bb5 Bd7
16.Qc2 e5 17.Bg5 f6 18.Bh4 Bxb5 19.Rxb5 Nc4 20.Qd3 Nd6 21.Rb2 c4 22.Qc2 Rf8
23.Bf2 Qc7 24.Rbb1 Bh6 25.a4 Rae8 26.Rbd1 Rf7 27.Kh1 f5 28.exf5 gxf5 29.f4
exf4 30.Nd4 Ne4 31.Be1 Qe5 32.Nc6 Qg7 33.Rd4 Nd6 34.Qf2 Qg4 35.Bd2 Re2 36.Qf3
Rg7 37.Bxf4 Bxf4 38.Rxf4 Qxg2+ 39.Qxg2 Rgxg2 40.Rg1 Rxg1+ 41.Kxg1 a5 42.Rf2
Re3 43.Nd4 Rxc3 44.Nxf5 Nxf5 45.Rxf5 Rd3 46.Kf2 c3 47.Rf6 b5 48.Ke2 Rd2+
49.Ke3 Rxd5 50.Ra6 Rc5 { 0-1, Lautier Joel 2560 - Kamsky Gata 2595 , Belgrade
1991 It (cat.15) } ) 12...e5 13.Bg3 Qe7 14.Bd5 Bb7 15.Qa4 Rfc8 16.dxe5 Nxe5
17.Nf4 c4 18.Rfd1 h5 { ? } ( 18...Rd8 { ? } ) 19.Nxg6 { ! DB } 19...Nxg6
20.Bd6 { ! } 20...Qe8 ( 20...Qxd6 21.Bxf7+ { +?? } ) 21.Qxe8+ Rxe8 22.Bxb7
Rad8 23.Bb4 ( 23.g3 { !? } 23...Bxc3 24.f4 { ± } ) 23...Nf4 ( 23...a5 { ! }
24.Ba3 Bxc3 { ? } ) 24.Kf1 Rxd1+ 25.Rxd1 Nd3 26.Bd5 Rc8 27.Rb1 Nxb4 28.Rxb4
Bxc3 29.Ra4 Rc5 30.Rxc4 Rxc4 31.Bxc4 h4 ( 31...Kg7 { !? } ) 32.f4 Kg7 33.e5 f6
34.exf6+ Kxf6 35.g3 Kf5 36.Bd3+ Ke6 37.Kg2 hxg3 38.hxg3 Kd5 39.Kf3 Kd4 40.Ba6
Kc5 41.g4 b5 42.g5 Kb6 43.Bc8 Kc7 44.Bf5 a5 45.Bd3 b4 46.Bc2 Kd6 47.Kg4 Bd2
48.f5 Ke5 49.f6 Be3 50.Kh5 Bc5 51.Kh6 Ke6 52.g6 Kd5 {#r} 1-0

[Event "It (open) (juniors) (under 14)"]
[Site "masterchessopen.com Bento Goncalves (Brazil)"]
[Date "2010.08.04"]
[Round "4"]
[White "Gotz Klaus Seiji Furucho (BRA)"]
[Black "Moreno Luis (DOM)"]
[Result "1-0"]
[WhiteElo "1736"]
[BlackElo "1828"]

1.d4 Nf6 2.c4 g6 3.Nc3 d5 4.cxd5 Nxd5 5.e4 Nxc3 6.bxc3 Bg7 7.Bc4 c5 8.Ne2 Nc6
9.Be3 O-O 10.O-O Qc7 11.Bb3 Rd8 12.Qd2 b5 13.a3 c4 14.Bc2 a5 15.Rfb1 Ba6 16.f3
b4 17.axb4 axb4 18.cxb4 Nxd4 19.Nxd4 e5 20.Ne6 fxe6 21.Qf2 Qc6 22.Ba4 Bb5
23.Bxb5 Rxa1 24.Rxa1 Qxb5 25.Bc5 Bf8 26.Rc1 Bh6 27.Qh4 Qd7 28.Qxh6 c3 29.Rxc3
Qd1+ 30.Kf2 Rd2+ 31.Kg3 Rd8 32.Ra3 Qe1+ 33.Kh3 Qd2 34.Qxd2 Rxd2 35.Ra7 Rb2
36.Rb7 h5 37.b5 g5 38.b6 g4+ 39.fxg4 hxg4+ 40.Kg3 Rb5 41.Bd6 Kh8 42.Kxg4 Kg8
43.Kg5 Rb2 44.g4 Rg2 45.h3 Rc2 46.Kg6 Rc8 47.h4 Kh8 48.Rb8 {#r} 1-0

[Event "It (open) \"]
[Site "masterchessopen.com Vladivostok (Russia)"]
[Date "2010.08.10"]
[Round "7"]
[White "Tanashkin Alexey (RUS)"]
[Black "Ukazkin Evgeniy (RUS)"]
[Result "1-0"]
[WhiteElo "2145"]
[BlackElo "2001"]

1.d4 Nf6 2.c4 g6 3.Nc3 d5 4.cxd5 Nxd5 5.e4 Nxc3 6.bxc3 Bg7 7.Bc4 c5 8.Ne2 Nc6
9.Be3 O-O 10.O-O Qc7 11.Rc1 Rd8 12.Kh1 e6 13.f4 Na5 14.Bd3 Qe7 15.Qd2 b6 16.f5
exf5 17.exf5 c4 18.Bb1 Re8 19.Rf3 Bb7 20.Rh3 Rad8 21.Rf1 Bc6 22.Ng1 Qb7 23.Nf3
Be4 24.Bxe4 Qxe4 25.Ng5 Qd3 26.Qf2 Qxf5 27.Rf3 Qd5 28.Qh4 h5 29.Nxf7 Rd7
30.Ne5 Bxe5 31.dxe5 Qxe5 32.Bd4 Qe4 33.Qxe4 {#r} 1-0

[Event "It \"]
[Site "masterchessopen.com Kaunas (Lithuania)"]
[Round "10"]
[White "Hagen Andreas Skytte (DEN)"]
[Black "Agopov Mikael (FIN)"]
[Result "1-0"]
[WhiteElo "2311"]
[BlackElo "2419"]

1.d4 Nf6 2.c4 g6 3.Nc3 d5 4.cxd5 Nxd5 5.e4 Nxc3 6.bxc3 Bg7 7.Bc4 c5 8.Ne2 Nc6
9.Be3 O-O 10.O-O Qc7 11.Rc1 Rd8 12.Bf4 Qd7 13.d5 Na5 14.Bb3 b5 15.c4 e5 16.Be3
bxc4 17.Ba4 Qc7 18.Nc3 a6 19.Rb1 Nb7 20.Bc6 Rb8 21.Qa4 Bf8 22.Rb2 Nd6 23.Rxb8
Qxb8 24.Rb1 Qa7 25.Qa5 Qe7 26.Bxc5 Bg4 27.h3 Bd7 28.Bxd6 {#r} 1-0

[Event "Tournament \"]
[Site "masterchessopen.com Moscow (Russia)"]
[Date "2010.09.23"]
[Round "7"]
[White "Lagashin Pavel (RUS)"]
[Black "Charochkina Daria (RUS)"]
[Result "1-0"]
[WhiteElo "2111"]
[BlackElo "2303"]

1.d4 Nf6 2.c4 g6 3.Nc3 d5 4.cxd5 Nxd5 5.e4 Nxc3 6.bxc3 Bg7 7.Bc4 c5 8.Ne2 Nc6
9.Be3 O-O 10.O-O Qc7 11.Rc1 a6 12.Qd2 b5 13.Bd5 e6 14.Bxc6 Qxc6 15.d5 exd5
16.exd5 Qb6 17.c4 b4 18.Bh6 Bd7 19.Rcd1 Rfe8 20.Bxg7 Kxg7 21.Nf4 Re4 22.d6 f6
23.Qd5 Qc6 24.Rfe1 Rxf4 25.Re7+ Kh6 26.Qf7 Bf5 27.Qxh7+ Kg5 28.g3 Re4 29.f3
Be6 30.Rxe6 Rxc4 31.f4+ {#r} 1-0

[Event "Ch City"]
[Site "masterchessopen.com Klaipeda (Lithuania)"]
[Date "2011.01.04"]
[Round "1"]
[White "Barsciauskas Gintautas (LTU)"]
[Black "Stasius Vidmantas (LTU)"]
[Result "0-1"]
[WhiteElo "1827"]
[BlackElo "1984"]

1.d4 Nf6 2.c4 g6 3.Nc3 d5 4.cxd5 Nxd5 5.e4 Nxc3 6.bxc3 Bg7 7.Bc4 O-O 8.Be3 c5
9.Ne2 Nc6 10.O-O Qc7 11.Rc1 Na5 12.Bd3 c4 13.Bb1 b5 14.Qd2 Rd8 15.Bh6 e5
16.Bxg7 Kxg7 17.Qg5 Nc6 18.d5 Qe7 19.Qg3 Nb8 20.f4 f6 21.fxe5 fxe5 22.Rf2 Rf8
23.Rxf8 Kxf8 24.Rf1+ Kg7 25.h4 h5 26.Qf2 Bg4 27.g3 Nd7 28.Qe3 Bh3 29.Rf2 Nf6
30.Qg5 Bg4 31.Kg2 a5 32.Nd4 Nxd5 33.Qxe7+ Nxe7 34.Nxb5 Rd8 35.Bc2 Ng8 36.Na7
Rd6 37.Nb5 Rd7 38.Na3 Be6 39.Nb1 Nf6 40.Nd2 Ng4 41.Re2 Ne3+ 42.Kg1 Nxc2 43.Nb1
Rd1+ 44.Kf2 Rxb1 45.Rxc2 Rh1 46.Kg2 Re1 47.Rb2 Rxe4 48.Kf2 Bg4 49.Rd2 Kf6
50.Rd6+ Kf5 51.Rd2 g5 52.hxg5 Kxg5 53.Rb2 Re2+ 54.Rxe2 Bxe2 55.Kxe2 Kg4 56.Kf2
e4 57.Ke3 Kxg3 58.Kxe4 h4 59.Kd4 h3 60.Kxc4 h2 61.Kb5 h1=Q 62.Kxa5 Qa8+ 63.Kb5
Qxa2 64.c4 Qa8 65.c5 Qc8 66.Kb6 Kf4 {#R} 0-1

[Event "Tournament (team) \"]
[Site "masterchessopen.com Gran Canarian (Spain)"]
[Date "2011.01.22"]
[Round "2"]
[White "Lorenzo Perez Raul (ESP)"]
[Black "Navarro Cabrera Agustin (ESP)"]
[Result "1-0"]
[WhiteElo "1771"]
[BlackElo "1818"]

1.d4 Nf6 2.c4 g6 3.Nc3 d5 4.cxd5 Nxd5 5.e4 Nxc3 6.bxc3 Bg7 7.Bc4 c5 8.Be3 O-O
9.Ne2 Nc6 10.O-O Qc7 11.Rc1 Rd8 12.Qd2 a6 13.Rfd1 b5 14.Bd3 Bb7 15.e5 c4
16.Bb1 Nxe5 17.Bf4 Qc6 18.f3 Nd7 19.Qe3 e6 20.Ng3 Nf6 21.Bg5 Rdc8 22.Bh6 Nd5
23.Qg5 Qd7 24.Be4 Qe7 25.Qxe7 Nxe7 26.Bxg7 Bxe4 27.Bf6 Bxf3 28.gxf3 Nd5 29.Be5
a5 30.Ne4 b4 31.cxb4 axb4 32.Nd6 Rd8 33.Nxc4 Rxa2 34.Ra1 Rc2 35.Rdc1 Rd2
36.Na5 f6 37.Bc7 Nxc7 38.Rxc7 R2xd4 39.Nc6 {#r} 1-0

[Event "Czech League 2010/11 (2nd) (f)"]
[Site "masterchessopen.com Czech Republic"]
[Date "2011.01.23"]
[Round "6"]
[White "Filipik Jaroslav (CZE)"]
[Black "Premus Jan (CZE)"]
[Result "0-1"]
[WhiteElo "2047"]
[BlackElo "2061"]

1.d4 Nf6 2.c4 g6 3.Nc3 d5 4.cxd5 Nxd5 5.e4 Nxc3 6.bxc3 Bg7 7.Bc4 c5 8.Ne2 Nc6
9.Be3 O-O 10.O-O Qc7 11.Qc1 b6 12.Rb1 Rd8 13.Bd5 Ba6 14.Re1 e6 15.Bb3 Bd3
16.Bc2 Bxe2 17.dxc5 Ba6 18.cxb6 Qc8 19.c4 Nd4 20.bxa7 Qxc4 {#R} 0-1

[Event "Czech League 2010/11 (krajsky prebor)"]
[Site "masterchessopen.com Czech Republic"]
[Date "2011.01.30"]
[Round "7"]
[White "Prachar Mojmir"]
[Black "Foukal Frantisek (CZE)"]
[Result "0-1"]
[WhiteElo "1875"]
[BlackElo "2034"]

1.d4 Nf6 2.c4 g6 3.Nc3 d5 4.cxd5 Nxd5 5.e4 Nxc3 6.bxc3 Bg7 7.Bc4 c5 8.Ne2 Nc6
9.Be3 O-O 10.O-O Qc7 11.Qc2 Na5 12.Bb3 Nxb3 13.axb3 b6 14.Rfd1 c4 15.bxc4 Qxc4
16.Ra4 Qc7 17.Qb3 b5 18.Qxb5 Bd7 19.Qa5 Qc6 20.Rb4 Qxe4 21.d5 Qe5 22.Rd2 Rab8
23.Bf4 Rxb4 24.Qxb4 Qf5 25.f3 Rc8 26.c4 g5 27.Be3 g4 28.Ng3 Qe5 29.Kf2 Rb8
30.Qa5 Rb2 31.Qd8+ Bf8 32.Qxd7 e6 33.Qa4 Bc5 34.Ne4 Rxd2+ 35.Nxd2 Qxe3+ 36.Kg3
Bd6+ 37.Kh4 Qh6+ 38.Kxg4 f5# 0-1

[Event "Memorial Pedro Lezca (open)"]
[Site "masterchessopen.com Gran Canarian (Spain)"]
[Date "2011.02.08"]
[Round "3"]
[White "Lopez Colon Francisco (ESP)"]
[Black "Navarro Cabrera Agustin (ESP)"]
[Result "0-1"]
[WhiteElo "2061"]
[BlackElo "1818"]

1.d4 Nf6 2.c4 g6 3.Nc3 d5 4.cxd5 Nxd5 5.e4 Nxc3 6.bxc3 Bg7 7.Bc4 c5 8.Ne2 Nc6
9.Be3 O-O 10.O-O Qc7 11.Qc1 Bd7 12.Rd1 cxd4 13.cxd4 Rac8 14.Qa3 Qa5 15.Qb3 Qb4
16.Bd5 Qxb3 17.axb3 a6 18.e5 e6 19.Bf3 Rc7 20.Bg5 Rfc8 21.Rdc1 h6 22.Bd2 Bf8
23.Rc4 Ne7 24.Ba5 Rxc4 25.bxc4 Bc6 26.Bxc6 Nxc6 27.Bd2 Nb4 28.c5 Nd5 29.Rb1
Rc7 30.Nc3 Nxc3 31.Bxc3 Rd7 32.f4 Be7 33.Kf2 Kf8 34.Ke3 Ke8 35.g4 Kd8 36.Ke4
f5+ 37.gxf5 gxf5+ 38.Ke3 Bf8 39.Rb6 Ke7 40.c6 bxc6 41.Rxc6 Kf7 42.Rxa6 h5
43.Ba5 Bg7 44.Bb6 Bf8 45.Ra7 Rxa7 46.Bxa7 Ke8 47.Bc5 Bh6 48.Bb4 Kd7 49.Be1 Kc6
50.Bh4 Kd5 51.Bg5 Bf8 52.Kf3 Bb4 53.Kg3 Be1+ 54.Kh3 Kxd4 55.Bh4 Bxh4 56.Kxh4
Ke4 57.Kxh5 Kxf4 58.h4 Kg3 59.Kg5 f4 60.h5 f3 61.h6 f2 62.h7 f1=Q 63.h8=Q Qf5+
64.Kh6 Qh3+ {#R} 0-1